[Event "CAN-ch U14"]
[Site "Vancouver"]
[Date "2012.07.05"]
[Round "6"]
[White "Washimkar, Atharva"]
[Black "Kuehfuss, Noah"]
[Result "1-0"]
[WhiteElo "1417"]
[BlackElo "1033"]
[PlyCount "45"]
[EventDate "2012.07.03"]
[EventType "swiss"]
[EventRounds "7"]
[EventCountry "CAN"]
[SourceTitle "EXT 2022"]
[Source "ChessBase"]
[SourceDate "2021.10.06"]
[SourceVersion "1"]
[SourceVersionDate "2021.10.06"]
[SourceQuality "1"]

1. e4 e5 2. Nf3 Nc6 3. Bc4 Bc5 4. b4 Bxb4 5. c3 Ba5 6. d4 exd4 7. 0-0 dxc3 8. Qb3 Nh6 9. Bxh6 gxh6 10. Bxf7+ Kf8 11. Bd5 b6 12. Ne5 Nxe5 13. Bxa8 Ba6 14. Qa3+ d6 15. Rc1 Qxa8 16. Nxc3 Bb7 17. Nb5 c5 18. Nxd6 Bxe4 19. Qb2 Qd5 20. Rd1 Qc6 21. Qxe5 Bxg2 22. Qf6+ Kg8 23. Qf7# 1-0

[Event "CAN-ch U14"]
[Site "Vancouver"]
[Date "2012.07.03"]
[Round "1"]
[White "Kuehfuss, Noah"]
[Black "Zhang, Yutong"]
[Result "0-1"]
[WhiteElo "1033"]
[BlackElo "1843"]
[PlyCount "136"]
[EventDate "2012.07.03"]
[EventType "swiss"]
[EventRounds "7"]
[EventCountry "CAN"]
[SourceTitle "EXT 2022"]
[Source "ChessBase"]
[SourceDate "2021.10.06"]
[SourceVersion "1"]
[SourceVersionDate "2021.10.06"]
[SourceQuality "1"]

1. e4 e5 2. Nf3 Nc6 3. Bc4 Bc5 4. d3 d6 5. h3 h6 6. 0-0 Nf6 7. Nc3 0-0 8. Na4 Bb6 9. Nxb6 axb6 10. Be3 d5 11. exd5 Nxd5 12. Bxd5 Qxd5 13. d4 exd4 14. Nxd4 Nxd4 15. Bxd4 c5 16. Bc3 Qxd1 17. Raxd1 Rxa2 18. Ra1 Rxa1 19. Rxa1 Bf5 20. Ra7 Be4 21. b4 Rc8 22. Bd2 cxb4 23. f3 Rxc2 24. Bxb4 Bc6 25. Ra8+ Kh7 26. Rd8 Re2 27. Rd2 Rxd2 28. Bxd2 b5 29. Bb4 g6 30. g4 Bxf3 31. Kf2 Bc6 32. Kg3 f5 33. Kf4 fxg4 34. hxg4 h5 35. gxh5 gxh5 36. Kg5 Bf3 37. Be1 Kg7 38. Kf5 Bg4+ 39. Kg5 Kf7 40. Kf4 Ke6 41. Ke4 Kd6 42. Kd4 Bd1 43. Kd3 Kd5 44. Kd2 Bg4 45. Kc3 Ke4 46. Kb4 Bd7 47. Kc5 Bc6 48. Kb4 Kf3 49. Bh4 Kg4 50. Be1 h4 51. Bxh4 Kxh4 52. Kc5 Kg4 53. Kb4 Kf4 54. Kc5 Ke4 55. Kb4 Kd3 56. Kb3 b6 57. Kb4 Kd4 58. Kb3 Kc5 59. Kb2 Kb4 60. Kb1 Kb3 61. Ka1 Kc2 62. Ka2 b4 63. Ka1 Bh1 64. Ka2 b3+ 65. Ka1 b2+ 66. Ka2 b1Q+ 67. Ka3 Qb5 68. Ka2 Qb2# 0-1